000 00522nam a2200205 a 4500
999 _c4187
_d4187
001 4187
003 BD-JhCC
005 20171123202413.0
008 171123s1928 uk a|||| |||| 000 0 eng d
035 _a(BD-JhCC)4187
040 _aBD-JhCC
_dBD-JhCC
041 _aeng
082 _a823.8
_bSUL 1928
100 _aSullivan, M. E.
245 _aOld Friends /
_cM. E. Sullivan and P. M. Cox
260 _aLondon :
_bGinn and Company ltd;
_c1928
300 _a63 p.;
_c16 cm
650 _aChildren's Stories
942 _2ddc
_cBK